000 00182 a2200097 4500
001 1385
100 _aASM
245 _aCutting of metals
260 _a
_bASME
_c
090 _c933
_d933
942 _aNUST-CAE
_cM
_c36189
999 _c236458
_d236458